Liečba a najčastejšie chyby v liečbe peptických vredov

Bibliographic Details
Main Author: Hyrdel, Rudolf, 1951- (Author)
Format: Article
Language:Slovak
ISSN:1335-0234
Subjects:

MARC

LEADER 00000nab a2200000 a 4500
001 vtls000724863
003 SK-MaSNL
005 20260304114733.0
008 250429c2000 xo 0 slo
015 |a SNBRB2000/06-15626 
035 |a CLN000077027 
035 |a urn:nbn:sk:snk-abjvz 
035 |a (urnnbn)urn:nbn:sk:snk:ar-a056jl 
035 |a (uuid)f24c1040-9a2c-493e-acff-8bc00376c5f5 
040 |a SNKBUCL  |b slo  |c SNKBUCL  |e AACR2 
041 0 |a slo 
044 |a xo  |c SK 
080 |a 616.33-002-08  |2 1997 
100 1 |a Hyrdel, Rudolf,  |d 1951-  |4 aut  |9 196160 
245 1 0 |a Liečba a najčastejšie chyby v liečbe peptických vredov  |c Rudolf Hyrdel 
504 |a Res. angl., nem., slov. 
504 |a Bibliogr. odkazy 
650 0 7 |a vred peptický  |x liečba  |2 snkbucl  |9 1299758 
655 7 |a články z novín a časopisov  |2 snkbucl  |9 267496 
773 0 |t Slovenský lekár  |g Roč. 10 (24), č. 1-2 (2000), s. 53-56  |x 1335-0234 
850 |a Slovenská národná knižnica 
852 |a Slovenská národná knižnica 
954 |a odborná, vedecká literatúra pôvodná (slovenská)  |2 lita 
958 |a article27 
958 |a NB 
958 |a MI 
958 |a OND 
958 |a EUIPO 
992 |a RBX 
999 |c 2873751  |d 2875681